00518nam a2200157Ia 4500999001500000020001500015082002000030245004400050260005100094300001400145650002100159650001900180700002300199942001200222952012600234 c9789d9789 a9840512579 a331.481658 WOM- 0aWomen in management champions of change aBangladeshbThe University Press Limitedc1994 aviii, 159 aWomen executives aWomen managers aSogra, Khair Jahan cBK2ddc 001040708DaNASSDOCbNASSDOCd2014-12-30i2004-10-22l0o331.481658 WOM-pD001475r2019-04-18 00:00:00w2019-04-18yBK